000 00753nam a2200289Ia 4500
001 13420
003 IT-RoPAU
008 130308s9999 xx 000 0 und d
040 _aIT-RoPAU
040 _cIT-RoPAU
041 _aFRANCESE
100 _aBarraud Jacques
100 _gCodice Aut. SPICS: 10460
245 _aDieu hasard ou la rencontre de deux mondes (Le)
245 _bRegards Sur Iannis Xenakis
250 _a1a ed.
260 _aPARIS
260 _bStock
260 _c1981 [1° Ed.:1981 - Ed.Ling.Originale:1981]
300 _a"7 p. (prefazione: no ; testo: 7 [pagine: 37-43])"
650 _aAUTORI/OPERE DI MUSICA
650 _eCodice materia Spics: 7007
942 _cBK
957 _71
999 _c58703
_d58703
999 _bSI
999 _g1